000 01966nam a2200325 i 4500
003 EG-GICUC
005 20260507174411.0
008 260507s2015 ua ||||fr|||| 00| 0 ara d
040 _a EG-GICUC
_bara
_c EG-GICUC
_d EG-GICUC
_erda
041 _aara
_hara
082 0 4 _221
_a343.263
_bه ش . ا
092 0 4 _221
099 _aLaw1 10 343.263 ه ش . ا 2015
100 0 _aهشام زوين
_eمؤلف.
245 1 2 _aالاتهام ب إزعاج السلطات والبلاغ الكاذب /
_cتأليف هشام زوين .
250 _aطبعة 2015
264 1 _aلا يوجد مكان محدد :
_bدار القانون للاصدرات القانونية،
_c2015.
300 _a82 صفحة ;
_c24 سم.
336 _2rda content
_atext
337 _2rda media
_aComputer
338 _2rda carrier
_aOnline Resource
505 _aيتضمن:حق الشخص في الإبلاغ وقيد الا يكون الإبلاغ كاذباً، وحق الشخص في إخطار السلطات بأي كارثة أو حادثة أو خطر وقيد الا يكون الغاية مجرد إزعاج السلطات.ماهية الكارثة أو الحادثة أو الخطر موضوع إزعاج السلطات وحرب الإشاعات.الحدود الفاصلة بين الاستعمال المشروع لحق التبليغ وإساءة هذا الاستعمال.مدي خطأ ازداوج الاتهام، بإزعاج السلطات والإبلاغ الكاذب.إزعاج آخر عن طريق التليفون.طبقاً لقضاء محكمة النقض الحديث وصيغ هامة للجنح المباشرة ومذكرات من الشاكي والمتهم
546 _aالنص باللغة العربية
650 1 _aالقانون الجنائي
650 1 _aالبلاغ الكاذب
650 1 _aازعاج السلطات
856 4 0 _uhttps://fll.law.cu.edu.eg/fulltext/bks/B10-12263.pdf
905 _a43
942 _2ddc
_n0
_cBK
_e21
999 _c76207
_d76207